[Event "Velka cena Tabora"]
[Site "?"]
[Date "2018.07.31"]
[Round "4.30"]
[White "Chval, Zdenek"]
[Black "Havluj, Zdenek"]
[Result "0-1"]
[WhiteElo "1360"]
[BlackElo "1873"]
[PlyCount "66"]
[EventDate "2018.??.??"]

1. e4 c5 2. Nf3 d6 3. d4 cxd4 4. Nxd4 Nf6 5. Nc3 g6 6. f3 Bg7 7. Be3 Nc6 8. Qd2
O-O 9. g4 Nxd4 10. Bxd4 Be6 11. O-O-O Qa5 12. Kb1 Kh8 13. h4 Rfc8 14. h5 Rxc3
15. Qxc3 Qxa2+ 16. Kc1 Bh6+ 17. Be3 Rc8 18. Qxc8+ Bxc8 19. Bxh6 Qa1+ 20. Kd2
Qxb2 21. hxg6 fxg6 22. Bd3 Qe5 23. Rdg1 a6 24. Rg2 b5 25. f4 Qd4 26. f5 Nxe4+
27. Ke2 Nc3+ 28. Kf3 Bb7+ 29. Kg3 Bxg2 30. Kxg2 Qxg4+ 31. Kf2 Ne4+ 32. Bxe4
Qxe4 33. fxg6 Qxh1 0-1

[Event "Velka cena Tabora"]
[Site "?"]
[Date "2018.08.01"]
[Round "5.1"]
[White "Zilavy, Jan"]
[Black "Pribyl, Josef"]
[Result "1/2-1/2"]
[WhiteElo "2030"]
[BlackElo "2263"]
[PlyCount "26"]
[EventDate "2018.??.??"]

1. e4 g6 2. d4 Bg7 3. Nc3 d6 4. Bg5 c6 5. Qd2 b5 6. a3 Bb7 7. f4 Nd7 8. Nf3 a6
9. e5 f6 10. exf6 exf6 11. Bh4 Ne7 12. Bd3 c5 13. d5 O-O 1/2-1/2

[Event "Velka cena Tabora"]
[Site "?"]
[Date "2018.08.01"]
[Round "5.2"]
[White "Zeman, Matyas"]
[Black "Parak, Domnik"]
[Result "1-0"]
[WhiteElo "2181"]
[BlackElo "2098"]
[PlyCount "49"]
[EventDate "2018.??.??"]

1. e4 e6 2. d4 d5 3. Nc3 Bb4 4. e5 Qd7 5. Qg4 f5 6. Qg3 b6 7. Nh3 Ba6 8. Bxa6
Nxa6 9. O-O O-O-O 10. Nf4 Nb8 11. Bd2 Nc6 12. a3 Bxc3 13. Bxc3 Nh6 14. a4 Rdg8
15. a5 g5 16. Nh5 Qf7 17. Nf6 Rg6 18. axb6 cxb6 19. b4 Ng8 20. b5 Nd8 21. Bb4
Nxf6 22. exf6 Rxf6 23. Bd6 Rg6 24. Qc3+ Kb7 25. Rxa7+ 1-0

[Event "Velka cena Tabora"]
[Site "?"]
[Date "2018.08.01"]
[Round "5.3"]
[White "den Boer, Lennard"]
[Black "Nehyba, Martin"]
[Result "1-0"]
[WhiteElo "2112"]
[BlackElo "2163"]
[PlyCount "73"]
[EventDate "2018.??.??"]

1. e4 e6 2. d4 d5 3. e5 c5 4. c3 Qb6 5. Nf3 Nc6 6. a3 c4 7. Nbd2 f6 8. Qe2 fxe5
9. Nxe5 Nxe5 10. Qxe5 Nf6 11. Be2 Bd6 12. Bh5+ Nxh5 13. Qxh5+ g6 14. Qh6 Bd7
15. Nf3 Qc7 16. Bg5 Bf8 17. Qh4 Bg7 18. Bf4 Qb6 19. Be5 O-O 20. Bxg7 Kxg7 21.
Ne5 Ba4 22. Qe7+ Kg8 23. Ng4 Rae8 24. Nf6+ Rxf6 25. Qxf6 Qxb2 26. O-O Qxc3 27.
Rae1 Bd7 28. Re3 Qa5 29. Rf3 Qd8 30. Qf7+ Kh8 31. Rh3 h5 32. Qxg6 h4 33. g3 e5
34. Qh6+ Kg8 35. Rxh4 Be6 36. Qg6+ Kf8 37. Rh7 1-0

[Event "Velka cena Tabora"]
[Site "?"]
[Date "2018.08.02"]
[Round "5.4"]
[White "Nejdl, Eduard"]
[Black "Dolezal, Radoslav"]
[Result "0-1"]
[WhiteElo "2059"]
[BlackElo "2368"]
[PlyCount "72"]
[EventDate "2018.??.??"]

1. e4 c6 2. d4 d5 3. exd5 cxd5 4. Bd3 Nf6 5. c3 Nc6 6. Bf4 g6 7. Nf3 Nh5 8. Bg5
f6 9. Be3 e5 10. dxe5 fxe5 11. Bb5 Bg7 12. Bg5 Qd6 13. Na3 O-O 14. Qd2 e4 15.
Nd4 Nxd4 16. cxd4 a6 17. Ba4 Nf4 18. Bxf4 Rxf4 19. Nc2 Be6 20. Ne3 Rf7 21. O-O
Qb6 22. Rad1 Rd8 23. b4 Bf8 24. Rde1 Bd6 25. a3 Bb8 26. Bb3 Qd6 27. g3 Kg7 28.
Bd1 Bh3 29. Ng2 Qf6 30. Be2 Ba7 31. Rd1 Rdf8 32. b5 axb5 33. Bxb5 Qf3 34. Nh4
Qxa3 35. Qg5 Bxf1 36. Rxf1 Qd6 0-1

[Event "Velka cena Tabora"]
[Site "?"]
[Date "2018.08.02"]
[Round "5.5"]
[White "Heinzel, Olaf"]
[Black "Krouzel, Jaroslav"]
[Result "1/2-1/2"]
[WhiteElo "2354"]
[BlackElo "2079"]
[PlyCount "48"]
[EventDate "2018.??.??"]

1. d4 f5 2. g3 Nf6 3. Bg2 e6 4. Nd2 d5 5. Nh3 Bd6 6. Nf3 O-O 7. O-O Nbd7 8. Nf4
Qe7 9. Nd3 b6 10. c4 Bb7 11. Nfe5 Rfd8 12. cxd5 exd5 13. Qc2 c5 14. Nxd7 Rxd7
15. dxc5 bxc5 16. Bg5 Rc8 17. Nf4 Bxf4 18. Bxf4 Qe6 19. Rfd1 d4 20. Bxb7 Rxb7
21. Rac1 Re8 22. Qxc5 Rxb2 23. Qxd4 Rxa2 24. Rc7 Rxe2 1/2-1/2

[Event "Velka cena Tabora"]
[Site "?"]
[Date "2018.08.02"]
[Round "5.6"]
[White "Borkovec, Milan"]
[Black "Romanov, Sergey"]
[Result "1/2-1/2"]
[WhiteElo "2201"]
[BlackElo "2102"]
[PlyCount "75"]
[EventDate "2018.??.??"]

1. e4 e5 2. Nf3 Nf6 3. Nc3 Bb4 4. Nxe5 O-O 5. Be2 Re8 6. Nf3 Nxe4 7. Nxe4 Rxe4
8. c3 Bf8 9. d4 d5 10. Be3 Nd7 11. Bd3 Re6 12. Qc2 g6 13. O-O-O c5 14. dxc5
Bxc5 15. Bxc5 Nxc5 16. Nd4 Nxd3+ 17. Qxd3 Ra6 18. Kb1 Qa5 19. a3 Bd7 20. h4 Rb6
21. Ka1 h5 22. Rde1 Rf6 23. f3 Qc7 24. Re7 Qd6 25. Rhe1 a6 26. Qe3 Rb8 27. Qe5
Qxe5 28. R1xe5 Rd6 29. Re1 b5 30. Nb3 Rc8 31. Rd1 Kf8 32. Re5 Be6 33. g3 Rc4
34. Nd4 Bd7 35. Nc2 Be6 36. Nd4 Bd7 37. Ne2 Be6 38. Nd4 1/2-1/2

[Event "Velka cena Tabora"]
[Site "?"]
[Date "2018.08.02"]
[Round "5.7"]
[White "Kotal, Vaclav"]
[Black "Volodin, Viktor"]
[Result "1/2-1/2"]
[WhiteElo "2101"]
[BlackElo "2188"]
[PlyCount "76"]
[EventDate "2018.??.??"]

1. e4 d5 2. exd5 Qxd5 3. Nc3 Qd6 4. d4 c6 5. Nf3 Nf6 6. Ne5 Nbd7 7. Nc4 Qc7 8.
Qf3 Nb6 9. Bf4 Qd8 10. Be5 Bg4 11. Qg3 Qd7 12. Ne3 Be6 13. Bd3 g6 14. a4 Bg7
15. Qf3 O-O 16. O-O a5 17. h3 Nbd5 18. Nexd5 Nxd5 19. Bxg7 Kxg7 20. Nxd5 Qxd5
21. Qxd5 Bxd5 22. Rfe1 Kf6 23. Re5 Rfd8 24. Rae1 Rd7 25. g4 h6 26. f4 Be6 27.
c3 Bb3 28. g5+ hxg5 29. fxg5+ Kg7 30. Rxe7 Rad8 31. Kf2 c5 32. Rxd7 Rxd7 33.
Bb5 Rd5 34. Re5 Rxe5 35. dxe5 Kf8 36. Ke3 Ke7 37. Kf4 Ke6 38. Be8 Ke7 1/2-1/2

[Event "Velka cena Tabora"]
[Site "?"]
[Date "2018.08.02"]
[Round "5.8"]
[White "Chval, Zdenek"]
[Black "Sourek, Martin"]
[Result "1-0"]
[WhiteElo "2138"]
[BlackElo "1872"]
[PlyCount "57"]
[EventDate "2018.??.??"]

1. e4 c6 2. c4 d5 3. cxd5 cxd5 4. exd5 Nf6 5. Nc3 Nxd5 6. d4 e6 7. Nf3 Bb4 8.
Bd2 O-O 9. Bd3 Nxc3 10. bxc3 Be7 11. h4 Nc6 12. Bxh7+ Kh8 13. Bc2 f5 14. Ng5
Qe8 15. Qe2 Bf6 16. Kf1 Bd7 17. Kg1 Rc8 18. Bb3 e5 19. d5 Na5 20. c4 e4 21. Rc1
b6 22. Bb4 Rg8 23. Bxa5 bxa5 24. c5 Bb5 25. Nf7+ Qxf7 26. Qxb5 Qh5 27. d6 Rgd8
28. Rd1 f4 29. Rd5 1-0

[Event "Velka cena Tabora"]
[Site "?"]
[Date "2018.08.02"]
[Round "5.9"]
[White "Kudrlicka, Ladislav"]
[Black "Lys, Josef"]
[Result "1/2-1/2"]
[WhiteElo "2031"]
[BlackElo "2118"]
[PlyCount "62"]
[EventDate "2018.??.??"]

1. d4 Nf6 2. Nf3 g6 3. Bg5 Bg7 4. Nbd2 d5 5. c3 O-O 6. e3 c6 7. Bd3 Bg4 8. h3
Bxf3 9. Nxf3 Nbd7 10. Qb3 Qb6 11. Qxb6 axb6 12. O-O b5 13. a3 Nb6 14. Nd2 Na4
15. Rab1 Rfe8 16. f4 e6 17. Bxf6 Bxf6 18. Nf3 Bg7 19. e4 dxe4 20. Bxe4 Nb6 21.
Rbe1 Nc4 22. Re2 f6 23. Bd3 Nd6 24. Rfe1 Kf7 25. g4 Rad8 26. Bb1 Bh6 27. g5
fxg5 28. fxg5 Bg7 29. Ba2 Nc4 30. Bxc4 bxc4 31. Ne5+ Bxe5 1/2-1/2

[Event "Velka cena Tabora"]
[Site "?"]
[Date "2018.08.02"]
[Round "5.10"]
[White "Matejka, Radek"]
[Black "Popelka, Oldrich"]
[Result "0-1"]
[WhiteElo "1923"]
[BlackElo "2110"]
[PlyCount "74"]
[EventDate "2018.??.??"]

1. e4 c5 2. Nf3 g6 3. d4 cxd4 4. Nxd4 Bg7 5. Nc3 Nc6 6. Be3 Nf6 7. Qd2 O-O 8.
Be2 d5 9. Nxc6 bxc6 10. exd5 cxd5 11. Rd1 Bb7 12. O-O Qd7 13. Bg5 Rfd8 14. Qf4
Re8 15. Qd2 Qc7 16. b4 a6 17. Bf3 e6 18. Na4 Bc6 19. Nc3 Nd7 20. Be3 Rac8 21.
Bf4 Qb6 22. a3 Bb5 23. Nxb5 axb5 24. Be3 Qc6 25. Bxd5 exd5 26. Qxd5 Nb6 27. Qb3
Nc4 28. Bc1 Rcd8 29. Rd3 Rd5 30. Rfd1 Red8 31. h3 Rxd3 32. Rxd3 Rxd3 33. Qxd3
Qd6 34. Kf1 Qxd3+ 35. cxd3 Nb6 36. Be3 Nd5 37. Ke2 Bb2 0-1

[Event "Velka cena Tabora"]
[Site "?"]
[Date "2018.08.02"]
[Round "5.11"]
[White "Mulenko, Alexander"]
[Black "Rolinek, Dominik"]
[Result "1/2-1/2"]
[WhiteElo "2109"]
[BlackElo "2004"]
[PlyCount "73"]
[EventDate "2018.??.??"]

1. Nf3 d5 2. d4 Nf6 3. c4 e6 4. g3 Be7 5. Bg2 O-O 6. O-O dxc4 7. Ne5 Nd5 8.
Nxc4 b5 9. Ne5 Bb7 10. Nd3 Nd7 11. Nd2 c5 12. dxc5 Nxc5 13. Nxc5 Bxc5 14. Nb3
Bb6 15. e4 Nf6 16. Qe2 a6 17. Bg5 h6 18. Rfd1 Qe7 19. Bxf6 Qxf6 20. Rd7 Bc8 21.
Rd6 Rb8 22. e5 Qg5 23. h4 Qe7 24. Rc1 Rd8 25. Rcd1 Rxd6 26. Rxd6 Bc7 27. Rd2
Bb7 28. Bxb7 Rxb7 29. Qe4 Bb6 30. Rc2 Qd7 31. Kg2 Rc7 32. Qa8+ Kh7 33. Qe4+ Kg8
34. Qa8+ Kh7 35. Rd2 Qc6+ 36. Qxc6 Rxc6 37. Na1 1/2-1/2

[Event "Velka cena Tabora"]
[Site "?"]
[Date "2018.08.02"]
[Round "5.12"]
[White "Vasicek, Martin"]
[Black "Nagy, Ladislav"]
[Result "1/2-1/2"]
[WhiteElo "2098"]
[BlackElo "1996"]
[PlyCount "51"]
[EventDate "2018.??.??"]

1. d4 Nf6 2. Nf3 g6 3. Bf4 Bg7 4. e3 O-O 5. h3 d6 6. Be2 Nbd7 7. O-O b6 8. Nbd2
Bb7 9. Bh2 Re8 10. c3 e5 11. dxe5 Nxe5 12. Nxe5 dxe5 13. Nc4 Nd7 14. Bf3 e4 15.
Be2 Ne5 16. Nxe5 Bxe5 17. Bc4 Bxh2+ 18. Kxh2 c5 19. Qb3 Qc7+ 20. Kg1 Rad8 21.
Rad1 Kg7 22. Rxd8 Rxd8 23. Rd1 Rd7 24. Bb5 Bc6 25. Rxd7 Qxd7 26. Bxc6 1/2-1/2

[Event "Velka cena Tabora"]
[Site "?"]
[Date "2018.08.02"]
[Round "5.13"]
[White "Tesar, Jan"]
[Black "Hanak, Tomas"]
[Result "0-1"]
[WhiteElo "2047"]
[BlackElo "1876"]
[PlyCount "118"]
[EventDate "2018.??.??"]

1. d4 d6 2. c4 f5 3. g3 Nf6 4. Bg2 g6 5. Nh3 Bg7 6. O-O O-O 7. d5 a5 8. Nc3 Na6
9. Be3 Bd7 10. Qd2 c6 11. Bh6 Nc5 12. Bxg7 Kxg7 13. Rad1 Qe8 14. Nf4 Qf7 15. f3
Kg8 16. e4 fxe4 17. fxe4 Qg7 18. h3 Rad8 19. Qe3 e5 20. dxe6 Bxe6 21. b3 Bc8
22. e5 dxe5 23. Qxe5 Rxd1 24. Rxd1 Nfd7 25. Qe3 Qe5 26. Ne4 Re8 27. Re1 Kg7 28.
Nd3 Nxd3 29. Qxd3 Nc5 30. Qe2 Bf5 31. a3 Bxe4 32. Qd2 Qxg3 33. Re3 Qg5 34. b4
axb4 35. axb4 Bxg2 36. Qc3+ Kf7 37. Rg3 Ne4 38. Rxg5 Nxc3 39. Kxg2 Re4 40. Rc5
Rd4 41. b5 cxb5 42. cxb5 Nd5 43. Kf3 Rf4+ 44. Kg3 Ke6 45. Rxd5 Rf3+ 46. Kxf3
Kxd5 47. Kf4 Kc5 48. Kg5 Kxb5 49. Kh6 Kc6 50. Kxh7 b5 51. Kxg6 b4 52. h4 b3 53.
h5 b2 54. h6 b1=Q+ 55. Kg7 Qg1+ 56. Kh8 Qf2 57. Kg8 Qg3+ 58. Kh8 Qf4 59. Kg7
Qg5+ 0-1

[Event "Velka cena Tabora"]
[Site "?"]
[Date "2018.08.02"]
[Round "5.14"]
[White "Hak, David"]
[Black "Brom, Jiri"]
[Result "1-0"]
[WhiteElo "1886"]
[BlackElo "2009"]
[PlyCount "43"]
[EventDate "2018.??.??"]

1. e4 c5 2. Nf3 e6 3. d4 cxd4 4. Nxd4 a6 5. a4 Nf6 6. Nc3 Qc7 7. Bd3 Nc6 8. Nb3
Be7 9. O-O d6 10. f4 b6 11. Bd2 Bb7 12. Qe2 Nd7 13. Na2 Bf6 14. c3 Nc5 15. Nxc5
bxc5 16. Rab1 a5 17. Kh1 Be7 18. Bb5 Bf6 19. b4 axb4 20. cxb4 cxb4 21. Nxb4 O-O
22. Rfc1 1-0

[Event "Velka cena Tabora"]
[Site "?"]
[Date "2018.08.02"]
[Round "5.15"]
[White "Kubin, Petr"]
[Black "Flajsman, Pavel"]
[Result "1/2-1/2"]
[WhiteElo "1998"]
[BlackElo "1828"]
[PlyCount "110"]
[EventDate "2018.??.??"]

1. d4 Nf6 2. c4 g6 3. Nc3 d5 4. Nf3 Bg7 5. Qb3 dxc4 6. Qxc4 O-O 7. e4 c6 8. Be2
b6 9. Qa4 Bb7 10. O-O Nbd7 11. Rd1 Qc7 12. Be3 b5 13. Qc2 Rac8 14. Rac1 a6 15.
h3 Nb6 16. b4 Nfd7 17. e5 Qb8 18. Ng5 Nd5 19. e6 fxe6 20. Nxe6 Rf6 21. Nxg7
Kxg7 22. Bg5 Rf7 23. Bg4 N7f6 24. Bxc8 Qxc8 25. Nxd5 Nxd5 26. a3 Qf5 27. Qxf5
Rxf5 28. Bd2 h6 29. Re1 Rf6 30. Re5 Rf8 31. Re6 Rf6 32. Rxf6 Nxf6 33. f3 h5 34.
Kf2 Nd5 35. Bg5 Kf7 36. Ke2 Ke6 37. Kd3 Kf5 38. h4 Ke6 39. Ke4 Nb6 40. Kd3 Nd5
41. g4 Kf7 42. gxh5 gxh5 43. Ke4 Ke6 44. Rc5 Ba8 45. Bd2 Bb7 46. Rc1 Kf6 47.
Rg1 Bc8 48. Rg5 Kf7 49. Ke5 Nf6 50. Kf4 Bd7 51. Kg3 Be8 52. Re5 Kf8 53. Bh6+
Kf7 54. Bg5 Nd5 55. Rf5+ Kg7 1/2-1/2

[Event "Velka cena Tabora"]
[Site "?"]
[Date "2018.08.02"]
[Round "5.16"]
[White "Svetly, Jiri"]
[Black "Mosnicka, Jan"]
[Result "1/2-1/2"]
[WhiteElo "1985"]
[BlackElo "1836"]
[PlyCount "142"]
[EventDate "2018.??.??"]

1. d4 d5 2. c4 c6 3. Nc3 Nf6 4. Nf3 g6 5. Bg5 Bg7 6. e3 O-O 7. Bd3 Re8 8. Ne5
Ne4 9. Bh4 Nxc3 10. bxc3 Bxe5 11. dxe5 dxc4 12. Bxc4 Qxd1+ 13. Rxd1 b5 14. Be2
Be6 15. Rd2 Nd7 16. f4 Nb6 17. e4 Kf8 18. Kf2 Red8 19. Rhd1 Ke8 20. Ke3 Rxd2
21. Rxd2 Rd8 22. Rxd8+ Kxd8 23. a3 Na4 24. Be1 Bb3 25. f5 Nb6 26. Kd4 Na4 27.
h4 c5+ 28. Ke3 a6 29. Kf4 Ke8 30. g4 c4 31. Ke3 Bc2 32. fxg6 fxg6 33. Kd4 e6
34. Bd2 Kd7 35. Bh6 Kc6 36. Bf8 Nb2 37. g5 Nd1 38. h5 gxh5 39. Bxh5 Kd7 40. Bf3
Nf2 41. Ke3 Nd3 42. Bd6 a5 43. Bh5 b4 44. cxb4 c3 45. Kd4 Nf2 46. Kxc3 Bxe4 47.
b5 Nh3 48. Kc4 Nxg5 49. Kc5 Nh3 50. Kd4 Bd5 51. Ke3 Ng5 52. Bf8 Kc7 53. Be7 h6
54. Be8 Ne4 55. Kd4 Ng5 56. Bh5 Nf3+ 57. Kc5 Kb7 58. Bf6 Nd2 59. Be8 Nb3+ 60.
Kd6 Nd4 61. a4 Bb3 62. Bc6+ Nxc6 63. bxc6+ Kc8 64. Kc5 Bxa4 65. Kb6 h5 66. Be7
Bb3 67. Kxa5 Bd5 68. Kb5 Ba2 69. Kc5 Bd5 70. Kd6 Ba2 71. Bg5 Bd5 1/2-1/2

[Event "Velka cena Tabora"]
[Site "?"]
[Date "2018.08.02"]
[Round "5.17"]
[White "Havluj, Zdenek"]
[Black "Odehnal, Jaroslav"]
[Result "1-0"]
[WhiteElo "1873"]
[BlackElo "1974"]
[PlyCount "125"]
[EventDate "2018.??.??"]

1. e4 c6 2. d4 d5 3. e5 Bf5 4. h4 h6 5. g4 Bg6 6. h5 Bh7 7. f4 e6 8. Nf3 Be4 9.
Nbd2 Bxf3 10. Nxf3 c5 11. c3 Nc6 12. Kf2 c4 13. Kg3 Be7 14. Qc2 Qd7 15. Bd2
O-O-O 16. Qa4 Nxe5 17. Qxa7 Nxf3 18. Kxf3 Nf6 19. b3 Ne4 20. Be3 Kc7 21. Qa5+
b6 22. Qa7+ Kc6 23. Qxd7+ Kxd7 24. bxc4 Nxc3 25. Rc1 Nxa2 26. Ra1 Ra8 27. cxd5
exd5 28. Bb5+ Ke6 29. f5+ Kf6 30. Bc6 Ra5 31. Bd2 Bb4 32. Rxa2 Rxa2 33. Bxb4
Rb2 34. Bd6 Rd8 35. Be5+ Kg5 36. Bf4+ Kf6 37. Re1 Rb3+ 38. Re3 Rxe3+ 39. Kxe3
Ke7 40. Kf3 f6 41. Ke3 b5 42. Bxb5 Ra8 43. Bc6 Ra3+ 44. Kf2 Ra2+ 45. Ke3 Ra3+
46. Kd2 Ra2+ 47. Kd3 Rg2 48. Bxd5 Rxg4 49. Ke4 Rg1 50. Be6 Ra1 51. d5 Ra4+ 52.
Kf3 Ra3+ 53. Kg4 Rd3 54. d6+ Rxd6 55. Bxd6+ Kxd6 56. Kf4 Ke7 57. Ke4 Kd6 58.
Kd4 Ke7 59. Kd5 Ke8 60. Kd6 Kf8 61. Kd7 g5 62. hxg6 h5 63. Bd5 1-0

[Event "Velka cena Tabora"]
[Site "?"]
[Date "2018.08.02"]
[Round "5.18"]
[White "Bartos, Alois"]
[Black "Toman, Antonin"]
[Result "1-0"]
[WhiteElo "1971"]
[BlackElo "1816"]
[PlyCount "29"]
[EventDate "2018.??.??"]

1. e4 c5 2. Nf3 Nc6 3. d4 cxd4 4. Nxd4 Nf6 5. Nc3 e5 6. Ndb5 d6 7. Bg5 a6 8.
Na3 b5 9. Nd5 Be6 10. Bxf6 gxf6 11. c3 f5 12. exf5 Bxf5 13. Nc2 Be6 14. Nce3
Ne7 15. Nf6# 1-0

[Event "Velka cena Tabora"]
[Site "?"]
[Date "2018.08.02"]
[Round "5.19"]
[White "Hasek, Vaclav"]
[Black "Vavrousek, Petr"]
[Result "1-0"]
[WhiteElo "1913"]
[BlackElo "1686"]
[PlyCount "34"]
[EventDate "2018.??.??"]

1. Nf3 Nf6 2. d4 d5 3. e3 e6 4. c4 c6 5. Nc3 Nbd7 6. Bd3 dxc4 7. Bxc4 b5 8. Bd3
Bb7 9. O-O a6 10. e4 c5 11. d5 Qc7 12. dxe6 fxe6 13. Re1 Bd6 14. Bxb5 O-O 15.
Bc4 Rae8 16. h3 Ne5 17. Nxe5 Bxe5 {Necitelny zapis} 1-0

[Event "Velka cena Tabora"]
[Site "?"]
[Date "2018.08.02"]
[Round "5.20"]
[White "Masek, Jan"]
[Black "Sedivy, Karel"]
[Result "1-0"]
[WhiteElo "1909"]
[BlackElo "1741"]
[PlyCount "67"]
[EventDate "2018.??.??"]

1. e4 g6 2. d4 Bg7 3. f4 d6 4. Nf3 Nf6 5. Bd3 O-O 6. O-O Bg4 7. c3 Nbd7 8. h3
Bxf3 9. Qxf3 c6 10. g4 e6 11. Be3 Qc7 12. Nd2 a6 13. Bf2 c5 14. e5 Ne8 15. Kg2
d5 16. Rfe1 c4 17. Bc2 b5 18. a3 Rb8 19. Bg3 Kh8 20. f5 gxf5 21. gxf5 Rg8 22.
Kh2 Nf8 23. Qh5 Rb6 24. Rg1 exf5 25. e6 Qc8 26. exf7 Nf6 27. fxg8=Q+ Kxg8 28.
Qxf5 Qe8 29. Rae1 Qf7 30. Re2 Re6 31. Rxe6 Nxe6 32. Nf3 Ne4 33. Bxe4 dxe4 34.
Qxe4 1-0

[Event "Velka cena Tabora"]
[Site "?"]
[Date "2018.08.01"]
[Round "5.21"]
[White "Straka, Zdenek"]
[Black "Chalupecky, Vladimir"]
[Result "0-1"]
[WhiteElo "1776"]
[BlackElo "1943"]
[PlyCount "69"]
[EventDate "2018.??.??"]

1. Nf3 d5 2. b3 Nf6 3. Bb2 e6 4. e3 c5 5. c4 Nc6 6. d4 cxd4 7. Nxd4 Bb4+ 8. Nc3
Qa5 9. Ndb5 Ne4 10. Qc2 d4 11. a3 Bxc3+ 12. Bxc3 Nxc3 13. Nxc3 Qxc3+ 14. Qxc3
dxc3 15. Rc1 e5 16. Rxc3 Be6 17. Be2 Ke7 18. Bf3 f5 19. Bxc6 bxc6 20. Ke2 Rhd8
21. Rd1 Rxd1 22. Kxd1 Rd8+ 23. Ke2 a5 24. g3 e4 25. h4 Bf7 26. f4 Bh5+ 27. Ke1
Rd1+ 28. Kf2 Ra1 29. b4 axb4 30. axb4 Ra2+ 31. Ke1 Kd6 32. c5+ Kc7 33. Rb3 Rg2
34. Ra3 Kb7 35. Ra5 0-1

[Event "Velka cena Tabora"]
[Site "?"]
[Date "2018.08.01"]
[Round "5.22"]
[White "Christen, Pierre"]
[Black "Slajs, Vlastimil"]
[Result "1-0"]
[WhiteElo "1923"]
[BlackElo "1805"]
[PlyCount "63"]
[EventDate "2018.??.??"]

1. c4 c5 2. g3 Nf6 3. Bg2 g6 4. Nc3 Bg7 5. Nf3 O-O 6. O-O Nc6 7. d4 cxd4 8.
Nxd4 Nxd4 9. Qxd4 d6 10. Qd3 a6 11. Rd1 Qc7 12. Rb1 Bd7 13. Bg5 Bc6 14. e4 h6
15. Be3 Ng4 16. Bc1 Ne5 17. Qe2 b6 18. Bd2 Bb7 19. b3 Kh7 20. Rbc1 e6 21. Be3
f5 22. Na4 Nd7 23. exf5 exf5 24. Bxb7 Qxb7 25. Rxd6 Ne5 26. Rd5 b5 27. Nc5 Qc6
28. Bd4 Rae8 29. Bxe5 Rxe5 30. Rxe5 Bxe5 31. Qxe5 Re8 32. Qd5 1-0

[Event "Velka cena Tabora"]
[Site "?"]
[Date "2018.08.01"]
[Round "5.23"]
[White "Cipera, Josef"]
[Black "Bukowska, Katarzyna"]
[Result "0-1"]
[WhiteElo "1688"]
[BlackElo "1921"]
[PlyCount "54"]
[EventDate "2018.??.??"]

1. d4 d5 2. Bf4 Nf6 3. e3 e6 4. Bd3 Bd6 5. Bg3 O-O 6. Nf3 c5 7. c3 b6 8. Ne5
Bxe5 9. dxe5 Ne4 10. Qh5 Qg5 11. Qh3 f5 12. Bf4 Qg4 13. f3 Qxh3 14. gxh3 c4 15.
Bxe4 dxe4 16. fxe4 Bb7 17. Nd2 Bxe4 18. Nxe4 fxe4 19. O-O-O Na6 20. Rd7 Nc5 21.
Re7 Nd3+ 22. Kb1 Nxf4 23. exf4 Rxf4 24. Rd1 Raf8 25. Rxe6 e3 26. Kc1 Rf1 27.
Red6 e2 0-1

[Event "Velka cena Tabora"]
[Site "?"]
[Date "2018.08.01"]
[Round "5.24"]
[White "Janousek, Petr"]
[Black "Zidu, Jan"]
[Result "1-0"]
[WhiteElo "1659"]
[BlackElo "1913"]
[PlyCount "89"]
[EventDate "2018.??.??"]

1. d4 Nf6 2. Nf3 d5 3. g3 Bf5 4. Bg2 c6 5. O-O h6 6. c4 e6 7. Nc3 Ne4 8. Qb3
Qb6 9. c5 Qxb3 10. axb3 Nd7 11. b4 Nxc3 12. bxc3 Be7 13. Nd2 O-O 14. c4 Bf6 15.
Bb2 a6 16. Ra3 Rad8 17. Rfa1 Rfe8 18. e4 dxe4 19. Nxe4 Bxe4 20. Bxe4 Nb8 21.
Rd1 Rd7 22. Rad3 Red8 23. Ba1 Kf8 24. Kf1 Re7 25. Bg2 Red7 26. Ke2 Ke8 27. R1d2
Kf8 28. Kd1 Re8 29. f4 Ke7 30. Kc2 Kd8 31. Bc3 Kc8 32. d5 Bxc3 33. Kxc3 Kc7 34.
d6+ Kd8 35. Rb2 h5 36. b5 Kc8 37. Kd4 cxb5 38. cxb5 b6 39. Kc4 axb5+ 40. Kxb5
bxc5 41. Rc2 Ra7 42. Rxc5+ Kd7 43. Kb6 Ra6+ 44. Kb7 e5 45. Bh3+ 1-0

[Event "Velka cena Tabora"]
[Site "?"]
[Date "2018.08.01"]
[Round "5.25"]
[White "Tumova, Anna"]
[Black "Krbusik, Marian"]
[Result "0-1"]
[WhiteElo "1648"]
[BlackElo "1902"]
[PlyCount "90"]
[EventDate "2018.??.??"]

1. e4 c5 2. Nf3 d6 3. d4 cxd4 4. Nxd4 Nf6 5. Nc3 Nc6 6. Be2 g6 7. Be3 Bg7 8.
O-O O-O 9. Kh1 Bd7 10. f4 a6 11. a4 Rc8 12. Nxc6 Bxc6 13. Bf3 Qa5 14. Ra3 Nd7
15. Qd2 Qc7 16. b4 b6 17. Rd1 Rfd8 18. Be2 Bb7 19. Nd5 Bxd5 20. exd5 Bc3 21.
Qc1 Bxb4 22. Rb3 a5 23. c3 Bc5 24. Bd2 Nf6 25. Bf3 Qd7 26. Qa1 Qf5 27. h3 h5
28. c4 Bf2 29. Rc1 Bc5 30. Re1 Re8 31. Bc3 Kh7 32. Qc1 Bf2 33. Re2 Bc5 34. Re1
Qd3 35. Be2 Qf5 36. Bd1 e5 37. Bc2 Qxf4 38. Qxf4 exf4 39. Rf1 Ne4 40. Rxf4 f5
41. Be1 Bd4 42. Bd3 Nc5 43. Rb1 Nxd3 44. Rxd4 Nxe1 45. Rd2 Rxc4 0-1

[Event "Velka cena Tabora"]
[Site "?"]
[Date "2018.08.01"]
[Round "5.26"]
[White "Vasicek, Milan"]
[Black "Otradovec, Lubos"]
[Result "1-0"]
[WhiteElo "1630"]
[BlackElo "1871"]
[PlyCount "21"]
[EventDate "2018.??.??"]

1. d4 Nf6 2. c4 e6 3. Nc3 b6 4. e4 Bb4 5. Bd3 d5 6. Qa4+ Nbd7 7. Qxb4 Bb7 8.
cxd5 exd5 9. e5 Ne4 10. Bxe4 dxe4 11. Be3 1-0

[Event "Velka cena Tabora"]
[Site "?"]
[Date "2018.08.01"]
[Round "5.27"]
[White "Placer, Sebastian"]
[Black "Valtr, Filip"]
[Result "1/2-1/2"]
[WhiteElo "1868"]
[BlackElo "1800"]
[PlyCount "40"]
[EventDate "2018.??.??"]

1. d4 Nf6 2. c4 e6 3. Nf3 b6 4. g3 Bb7 5. Bg2 d6 6. O-O Be7 7. Nc3 O-O 8. Qc2
Nbd7 9. Rd1 c5 10. b3 a6 11. Bb2 cxd4 12. Nxd4 Bxg2 13. Kxg2 Qc7 14. Rac1 Rac8
15. e4 Qb7 16. Qe2 Nc5 17. f3 Rfe8 18. Nc2 Rcd8 19. Ne3 Ncd7 20. Ba3 Ne5
1/2-1/2

[Event "Velka cena Tabora"]
[Site "?"]
[Date "2018.08.01"]
[Round "5.28"]
[White "Plasil, Vojtech"]
[Black "Nechutny, Michal"]
[Result "1/2-1/2"]
[WhiteElo "1859"]
[BlackElo "1746"]
[PlyCount "33"]
[EventDate "2018.??.??"]

1. e4 c5 2. Nf3 Nc6 3. d4 cxd4 4. Nxd4 Nf6 5. Nc3 e6 6. Nxc6 bxc6 7. Qf3 d5 8.
exd5 cxd5 9. Bf4 Bb4 10. Bb5+ Bd7 11. O-O O-O 12. Bxd7 Qxd7 13. Ne2 Bd6 14.
Bxd6 Qxd6 15. Rfd1 Qb6 16. Rab1 Rac8 17. c3 1/2-1/2

[Event "Velka cena Tabora"]
[Site "?"]
[Date "2018.08.01"]
[Round "5.29"]
[White "Herynek, Petr"]
[Black "Lauko, Marian"]
[Result "0-1"]
[WhiteElo "1566"]
[BlackElo "1853"]
[PlyCount "63"]
[EventDate "2018.??.??"]

1. Nf3 Nf6 2. g3 d5 3. Bg2 g6 4. O-O Bg7 5. d3 O-O 6. Re1 Re8 7. Nbd2 e5 8. e4
d4 9. c3 dxc3 10. Nc4 cxb2 11. Bxb2 Nfd7 12. d4 exd4 13. Bxd4 Nb6 14. Nce5 f6
15. Nd3 Nc6 16. Bc3 Bg4 17. Qc2 Bxf3 18. Bxf3 Ne5 19. Nxe5 fxe5 20. Qb3+ Kh8
21. h4 Qf6 22. Bg2 Rf8 23. f4 Qe7 24. f5 gxf5 25. exf5 Rxf5 26. Rf1 Rxf1+ 27.
Rxf1 c6 28. Rf7 Qc5+ 29. Kh2 Rb8 30. Ba1 Qc4 31. Qe3 Qxf7 32. Bxe5 0-1

[Event "Velka cena Tabora"]
[Site "?"]
[Date "2018.08.01"]
[Round "5.30"]
[White "Rybin, Jan"]
[Black "Kuta, Miroslav"]
[Result "1-0"]
[WhiteElo "1851"]
[BlackElo "1725"]
[PlyCount "35"]
[EventDate "2018.??.??"]

1. d4 d5 2. Nf3 Nf6 3. e3 c6 4. Bd3 e6 5. Nbd2 Nbd7 6. O-O c5 7. c3 b6 8. Ne5
Bb7 9. f4 cxd4 10. exd4 Qc7 11. Ndf3 Ne4 12. Bb5 Nef6 13. Ng5 a6 14. Bxd7+ Nxd7
15. Nexf7 Nf6 16. Nxh8 Bc8 17. Re1 Qc6 18. f5 1-0